Escuelas Efectivas (Record no. 7529)

MARC details
000 -LEADER
campo de control de longitud fija 00348nam a2200133Ia 4500
001 - NÚMERO DE CONTROL
campo de control 1338
008 - DATOS DE LONGITUD FIJA--INFORMACIÓN GENERAL
campo de control de longitud fija 241024s9999 xx 000 0 und d
082 ## - NÚMERO DE LA CLASIFICACIÓN DECIMAL DEWEY
Número de clasificación RD371.1/R426e
100 ## - ENTRADA PRINCIPAL--NOMBRE DE PERSONA
Nombre de persona República Dominicana. Ministerio de Educación
245 #0 - MENCIÓN DEL TÍTULO
Título Escuelas Efectivas
260 ## - PUBLICACIÓN, DISTRIBUCIÓN, ETC.
Nombre del editor, distribuidor, etc. Santo Domingo
Fecha de publicación, distribución, etc. 2010
901 ## - ELEMENTOS DE DATOS A LOCAL LDA (RLIN)
a 23/3/2011 9:34:15 a.m.

No items available.

© 2024. Todos los Derechos Reservados. Desarrollado por IDEICE